Flow in Open Channels / (Record no. 1587)
[ view plain ]
| 000 -LEADER | |
|---|---|
| fixed length control field | 00294 a2200109 4500 |
| 082 ## - DEWEY DECIMAL CLASSIFICATION NUMBER | |
| Classification number | 627.23 SUB |
| 100 ## - MAIN ENTRY--PERSONAL NAME | |
| Personal name | Subramanya,K |
| 245 ## - TITLE STATEMENT | |
| Title | Flow in Open Channels / |
| Statement of responsibility, etc. | K.Subramanya |
| 250 ## - EDITION STATEMENT | |
| Edition statement | 2nd. ed. |
| 260 ## - PUBLICATION, DISTRIBUTION, ETC. | |
| Place of publication, distribution, etc. | New Delhi : |
| Date of publication, distribution, etc. | Tata McGraw Hill Publishing Comp, |
| Name of publisher, distributor, etc. | 2003 |
| 300 ## - PHYSICAL DESCRIPTION | |
| Extent | 529p, : |
| Other physical details | ill . ; |
| Dimensions | 25cm |
| 650 ## - SUBJECT ADDED ENTRY--TOPICAL TERM | |
| Topical term or geographic name entry element | channels |
| Withdrawn status | Lost status | Damaged status | Not for loan | Permanent Location | Current Location | Shelving location | Date acquired | Total Checkouts | Full call number | Barcode | Date last seen | Date last checked out | Price effective from | Koha item type | Source of classification or shelving scheme | Total Renewals |
|---|---|---|---|---|---|---|---|---|---|---|---|---|---|---|---|---|
| Central Library (CL) | Central Library (CL) | 10/11/2021 | 1 | 627.23 SUB | NIT-2569 | 11/05/2021 | 10/11/2021 | 01/05/2017 | Book | |||||||
| School of Civil and Environmental Engineering (SCEE) | School of Civil and Environmental Engineering (SCEE) | 2 | NIT-1041 | 07/12/2021 | 07/08/2021 | 01/05/2017 | Book | |||||||||
| School of Civil and Environmental Engineering (SCEE) | School of Civil and Environmental Engineering (SCEE) | 10/10/2019 | 1 | 627.23 SUB | NIT-11927 | 07/08/2021 | 10/10/2019 | 10/10/2019 | Book | 1 |
